00763nam a2200205Ia 4500001000700000003000500007008004100012010001100053040000900064082001600073100012400089245006200213260004700275300001000322650011200332650002700444650002200471650002700493650003700520Z_1641CHAP220113s1992 xx 000 0 und d a164728 cCHAP a630.972 S55 aSimposium sobre Origen, Desarrollo y Actualidad de la Agricultura y Agronomía en México (1: 1991: Chapingo, Méx.) aMemorias /cpor UACH. Dirección de Difusión Cultural aChapingo, Méx. :bLa Dirección,c1992 a164 p aAgriculturaxAspectos económicosxMéxico I. UACH. Dirección de Difusión Cultural II. UACH. CIESTAAM aAgriculturaxMéxico  aDesarrollo rural  aMéxicoxAgricultura  aMéxicoxAgriculturaxHistoria